England and the Catholic Church under Queen Elizabeth /

Bibliographic Details
Main Author: Meyer, Arnold Oskar, 1877-1944
Format: Book
Language:English
Undetermined
Published: New York : Barnes & Noble, [1967]
Subjects:

MARC

Tag First Indicator Second Indicator Subfields
LEADER 00000cam a22000001 4500
001 in00000037653
005 20151007080535.0
008 740502s1967 nyu b 00000 eng
010 |a  67003420  
035 |a (OCoLC)01027832 
035 |9 AAF4980AM 
040 |a DLC  |c DLC  |d TXA  |d UtOrBLW 
041 1 |a eng  |a und 
043 |a e-uk--- 
049 |a TXAM  |c [473100] 
050 0 0 |a DA356  |b .M413 1967a 
082 0 |a 282.42 
092 |a 282.42  |b M612e, 1967 
100 1 |a Meyer, Arnold Oskar,  |d 1877-1944. 
240 1 0 |a England und die Katholische Kirche unter Elisabeth. English 
245 1 0 |a England and the Catholic Church under Queen Elizabeth /  |c Translated by J. R. McKee. Introd. to the 1967 ed., by John Bossy. 
264 1 |a New York :  |b Barnes & Noble,  |c [1967] 
300 |a xxxiv, 555 pages ;  |c 23 cm. 
336 |a text  |b txt  |2 rdacontent 
337 |a unmediated  |b n  |2 rdamedia 
338 |a volume  |b nc  |2 rdacarrier 
504 |a "Chronological list of unpublished documents": pages [533]-543. 
610 2 0 |a Catholic Church  |z England. 
651 0 |a Great Britain  |x History  |y Elizabeth, 1558-1603. 
999 |a MARS 
999 f f |s a0b16ff2-e72f-33fe-a496-59a77701b7c0  |i 794ff70b-0795-3fa8-ab82-27bed37d4f59  |t 0 
952 f f |p ric  |a Texas A&M University  |b Rellis Campus  |c Joint Library Facility  |d Remote Storage  |t 0  |e DA356 .M413 1967a  |h Library of Congress classification  |i unmediated -- volume  |m A14800623148 
998 f f |a DA356 .M413 1967a  |t 0  |l Remote Storage